zpět

Detail výsledku týmu

Pivní burza Jánská, Brno

Datum a čas kvízu

37 Celkem bodů Celkový počet nahraných bodů na tomto kvízu bez doplňovacích otázek.
1. Pořadí na kvízu Konečné umístění týmu na tomto kvízu.

Zaznamenané odpovědi

# Otázka Odpověď Body Výsledky
1. Za zmanipulování televizní hry... 1
2. Americký astronaut Andrew Feus... 0
3. České herní studio Warhorse pr... 0
4. Z britských obrazovek musela z... 1
5. Napište výsledek sobotního utk... 0
6. Jistě se mezi Vámi najde mnoho... 0
7. Čemu nebo komu se ve vodáckém... 0
8. Silný provaz, který se dá využ... 0
9. Kterým slovem na Š nazývají ka... 1
10. Kanoistům se mezi vrcholovými... 0